000 00236nam a2200097Ia 4500
001 641742
005 20250826153513.0
008 250824s9999 xx 000 0 und d
245 0 _aATEŞ HIRSIZI NIN KAÇIŞI
_cTERRY DEARY
260 _bTUDEM
999 _c641742
_d641742